000 01487nam a2200277 a 4500
001 25073
003 BD-RjUL
005 20211209050827.0
008 140316r19701970mau 00000 eng d
035 _a(BD-RjUL)25142
035 _a(BD-RjUL)
040 _dSUA
_aBD-RjUL
_beng
_cBD-RjUL
041 _aeng
082 0 0 _a901.908
_bIND 1970
111 2 0 _aHarvard Tercentenary Conference of Arts and Sciences
_d(1936 :
_cCambridge, Mass.)
_977136
245 0 0 _aIndependence, convergence, and borrowing, in institutions, thought, and art.
260 _aCambridge, Mass. :
_bHarvard University Press,
_c1937. [Reprinted 1970 ]
300 _a272 p. ;
_c22 cm.
500 _aPapers presented at a symposium of the Harvard tercentary conference of arts and sciences.
504 _aIncludes bibliographies.
505 0 _aContents. - Europe and the Near East: A prehistorian's interpretation of diffusion, by V.G. Childe. - Plants and civilization, by E.D. Merrill. -Parthian art and the motive of the flying gallop, by M.I. Rostovtzeff. - Das alteste Gedicht der lateinischen Literatur (Carmen arvale) by Eduard Norden. - Ancient legal history, by Leopold Wenger. -La diffusion du droit francais en Algerie, by Rene Maunier. - Jewish folklore: East and West, by Louis Ginzberg. - Hellenism and Christianity, by .
650 0 _aCivilization
_xHistory
_xCongresses.
_977131
710 2 _aHarvard University.
_977132
942 _2ddc
_cBK
999 _c25073
_d25073